| 000 | 00494cam a2200145 4500500 | ||
|---|---|---|---|
| 005 | 20260208001051.0 | ||
| 041 | _afre | ||
| 042 | _adc | ||
| 100 | 1 | 0 |
_aMounolou, Jean-Claude _eauthor |
| 245 | 0 | 0 | _aPeut-on s'approprier socialement les biotechnologies ? |
| 260 | _c2005. | ||
| 500 | _a1 | ||
| 786 | 0 | _nNatures Sciences Sociétés | 13 | 1 | 2005-03-01 | p. 5-6 | 1240-1307 | |
| 856 | 4 | 1 | _uhttps://stm.cairn.info/revue-natures-sciences-societes-2005-1-page-5?lang=fr&redirect-ssocas=7080 |
| 999 |
_c1644213 _d1644213 |
||